[Event "Mayabeque Province-ch final"]
[Site "Mayabeque"]
[Date "2018.10.23"]
[Round "1.2"]
[White "Gil Hernandez, Sebastian"]
[Black "Yin Pujol, Ray Junior"]
[Result "1-0"]
[WhiteElo "1647"]
[BlackElo "1578"]
[PlyCount "67"]
[EventDate "2018.10.23"]
[EventType "team-tourn"]
[EventRounds "9"]
[EventCountry "CUB"]
[SourceTitle "EXT 2021"]
[Source "ChessBase"]
[SourceDate "2020.10.23"]
[SourceVersion "1"]
[SourceVersionDate "2020.10.23"]
[SourceQuality "1"]
[WhiteTeam "Guines"]
[BlackTeam "San Jose"]
[WhiteTeamCountry "CUB"]
[BlackTeamCountry "CUB"]

1. e4 c6 2. d4 d5 3. e5 Bf5 4. Nf3 e6 5. Be2 Ne7 6. 0-0 Nd7 7. a4 Qc7 8. a5 h6 9. a6 b5 10. Nbd2 g5 11. Nb3 Ng6 12. Ne1 Ne7 13. Nd3 Bxd3 14. Bxd3 Nf5 15. Qg4 c5 16. Bxf5 exf5 17. Qxf5 0-0-0 18. dxc5 Bxc5 19. Nxc5 Qxc5 20. Qxf7 Rdf8 21. Qh5 Nxe5 22. Qe2 Re8 23. c3 Nc4 24. Qg4+ Kb8 25. Qd4 Qd6 26. b3 Nb6 27. Ba3 Qc7 28. Bc5 Nd7 29. Bb4 Qc6 30. h3 Rhg8 31. Rfe1 Qf6 32. Qxd5 Rxe1+ 33. Rxe1 Qb6 34. Qxg8+ 1-0

[Event "Agosto de Victorias op"]
[Site "Mayabeque"]
[Date "2018.08.04"]
[Round "1"]
[White "Diaz Hernandez, Juan Yandy"]
[Black "Yin Pujol, Ray Junior"]
[Result "1-0"]
[WhiteElo "1971"]
[BlackElo "1522"]
[PlyCount "103"]
[EventDate "2018.08.04"]
[EventType "swiss"]
[EventRounds "9"]
[EventCountry "CUB"]
[SourceTitle "EXT 2021"]
[Source "ChessBase"]
[SourceDate "2020.10.23"]
[SourceVersion "1"]
[SourceVersionDate "2020.10.23"]
[SourceQuality "1"]

1. e4 c5 2. c3 e6 3. d4 cxd4 4. cxd4 d6 5. Nf3 Nf6 6. Nc3 Nbd7 7. Bd3 Be7 8. 0-0 0-0 9. Re1 e5 10. h3 exd4 11. Nxd4 Ne5 12. Bc2 Nc6 13. Bf4 Nxd4 14. Qxd4 Qb6 15. Qxb6 axb6 16. Rad1 Rd8 17. Bxd6 Rxd6 18. Rxd6 Bxd6 19. e5 Bxe5 20. Rxe5 Be6 21. Rb5 Nd7 22. Be4 Rb8 23. Nd5 Bxd5 24. Bxd5 Kf8 25. Kf1 Ke7 26. Ke2 f6 27. Bf3 Kd6 28. Bg4 Re8+ 29. Kd1 Rd8 30. Bf3 Kc7 31. Rd5 Nc5 32. Rxd8 Kxd8 33. Kd2 Kc7 34. Kc3 Ne6 35. Kc4 Nd8 36. Kd5 Kd7 37. Bg4+ Ke7 38. Bc8 h6 39. a3 g6 40. f4 g5 41. fxg5 fxg5 42. Ke5 Nf7+ 43. Kd5 Nd6 44. Bg4 Ne8 45. Bf3 Nd6 46. b3 Ne8 47. Ke5 Nd6 48. Bd5 b5 49. a4 bxa4 50. bxa4 Nf7+ 51. Bxf7 Kxf7 52. Kf5 1-0